Rahsia seorang pemuda

Bibliographic Details
Main Author: Amer Haji Matsom
Format: Book
Published: Selangor : Hasrat Murni , 2004
Series:Siri anak-anak yang berani
Subjects:

MARC

LEADER 00000cam a2200000 7i4500
001 0000001117
005 20151222.0
008 070704
020 |a 9830602168 
020 |a 9830602249(set) 
090 0 0 |a JF   |b MAL (997) 
100 0 |a Amer Haji Matsom 
245 1 0 |a Rahsia seorang pemuda   |c Amer Haji Matsom 
260 |a Selangor :   |b Hasrat Murni ,   |c 2004 
440 0 |a Siri anak-anak yang berani 
500 |a Children ages 7-9 years old (orange) 
650 0 |a Children's stories, Malay 
650 0 |a Malay fiction 
999 |a 0000913775   |b Book   |c Teenagers   |e Cawangan Bandar Tenggara 
999 |a 0000917384   |b Book   |c Children Collection   |e Cawangan Bukit Gambir 
999 |a 0000917385   |b Book   |c Children Collection   |e Cawangan Bukit Gambir 
999 |a 0000917386   |b Book   |c Children Collection   |e Cawangan Bukit Gambir 
999 |a 0000929094   |b Book   |c Children Collection   |e Cawangan Tangkak 
999 |a 0000929095   |b Book   |c Children Collection   |e Cawangan Tangkak 
999 |a 0000929096   |b Book   |c Children Collection   |e Cawangan Tangkak 
999 |a 0000956789   |b Book   |c Children Collection   |e Cawangan Bukit Gambir 
999 |a 0000956790   |b Book   |c Children Collection   |e Cawangan Kota Tinggi 
999 |a 0000956791   |b Book   |c Children Collection   |e Perbadanan Perpustakaan Awam Johor 
999 |a 0000956792   |b Book   |c Children Collection   |e Perbadanan Perpustakaan Awam Johor 
999 |a 0000956793   |b Book   |c Children Collection   |e Perbadanan Perpustakaan Awam Johor